Elementos del derecho del trabajo y de la seguridad social (Registro nro. 3924)

Detalles MARC
000 -LEADER
fixed length control field 01587 a2200205 4500
001 - CONTROL NUMBER
control field 45433
005 - DATE AND TIME OF LATEST TRANSACTION
control field 20260407155726.0
008 - FIXED-LENGTH DATA ELEMENTS--GENERAL INFORMATION
fixed length control field 260407a1992 arg spa d
003 - CONTROL NUMBER IDENTIFIER
control field AR-UNSa-BCEJYS
040 ## - CATALOGING SOURCE
Original cataloging agency AR-UNSa-BCEJYS
Language of cataloging spa
Transcribing agency AR-UNSa-BCEJYS
080 ## - UNIVERSAL DECIMAL CLASSIFICATION NUMBER
Universal Decimal Classification number 349.2
Common auxiliary subdivision Derecho del Trabajo
100 1# - MAIN ENTRY--PERSONAL NAME
Personal name Martínez Vivot, Julio José
245 10 - TITLE STATEMENT
Title Elementos del derecho del trabajo y de la seguridad social
250 ## - EDITION STATEMENT
Edition statement 3a. ed
264 #1 - PRODUCTION, PUBLICATION, DISTRIBUTION, MANUFACTURE, AND COPYRIGHT NOTICE
Place of production, publication, distribution, manufacture Buenos Aires :
Name of producer, publisher, distributor, manufacturer Astrea
Date of production, publication, distribution, manufacture, or copyright notice 1992
300 ## - PHYSICAL DESCRIPTION
Extent xxxix, 781 p.
Dimensions 20 cm.
505 ## - FORMATTED CONTENTS NOTE
Formatted contents note Parte I : Parte general : 1. Evolución del trabajo dirigido – 2. Introducción al derecho del trabajo – 3. Ámbitos del derecho del trabajo - - Parte II : Derecho individual del trabajo : 4. Contrato de trabajo. Elementos – 5. Derechos y obligaciones de las partes – 6. Modalidades del contrato de trabajo - 7. Remuneración – 8. Régimen legal del descanso – 9. Régimen de trabajo de mujeres y menores – 10. Suspensión de ciertos efectos del contrato de trabajo – 11. Transferencia del contrato de trabajo – 12. Extinción del contrato de trabajo – 13. Prescripción y caducidad - - Parte III : Derecho colectivo del trabajo : 14. Introducción – 15. Régimen legal de las asociaciones gremiales de trabajadores – 16. Negociación colectiva – 17. Régimen legal de convenios colectivos en la Argentina – 18. Conflictos colectivos de trabajo – 19. Medidas de acción directa - - Parte IV : Derecho de la seguridad social : 20. Parte general – 21. Parte especial.
590 ## - LOCAL NOTE (RLIN)
Local note niveau_biblio:m niveau_hierar:0
942 ## - ADDED ENTRY ELEMENTS (KOHA)
Koha item type
Existencias
Withdrawn status Lost status Damaged status Not for loan Home library Current library Shelving location Date acquired Total checkouts Full call number Barcode Date last seen Price effective from Koha item type
        Biblioteca Prof. Eusebio Cleto del Rey Biblioteca Prof. Eusebio Cleto del Rey   07/04/2026   349.2 M378 3ed. L58521 07/04/2026 07/04/2026 Libro
        Biblioteca Prof. Eusebio Cleto del Rey Biblioteca Prof. Eusebio Cleto del Rey   07/04/2026   349.2 M378 3ed. L58523 07/04/2026 07/04/2026 Libro
        Biblioteca Prof. Eusebio Cleto del Rey Biblioteca Prof. Eusebio Cleto del Rey   07/04/2026   349.2 M378 3ed. L70072 07/04/2026 07/04/2026 Libro